Moon Knight Villains by Picture - Statistics

General Stats
  • This quiz has been taken 43 times
  • The average score is 4 of 14
Answer Stats
Picture Answer % Correct
8-Ball
89%
Arthur Harrow
68%
Bushman
55%
Midnight
39%
Black Spectre
29%
Midnight Man
24%
Shadow Knight
24%
Moon Shade
18%
Sun King
18%
Chainsaw
11%
Profile
11%
Zapata Brothers
11%
Bora
5%
Plasma
5%
No matching quizzes found
Score Distribution
Percent of People with Each Score
Percentile by Number Answered
Your Score History
You have not taken this quiz